000 00427nam a2200169Ia 4500
008 170705s9999 xx 000 0 und d
020 _a9780545504737
245 _aIf you give a dog a donut /
245 _cLaura Numeroff ; illustrated by Felicia Bond.
260 _aNew York :
260 _bScholastic,
260 _c2011
300 _aunpaged :
300 _bcolor illustration ;
300 _c23cm.
500 _a430
999 _c335778
_d335778